Bible dnes a pro nás. Starý zákon /

Guardado en:
Detalles Bibliográficos
Autor principal: Ravik, Slavomír (Autor)
Formato: Libro
Lenguaje:checo
Publicado: Praha : Státní pedagogické nakladatelství, 1991
Edición:1.vyd.
Etiquetas: Agregar Etiqueta
Sin Etiquetas, Sea el primero en etiquetar este registro!

MARC

LEADER 00000nam a22000003a 4500
001 stu807
005 20150617225617.8
008 911122s1991----cs------------------cze-d
040 |a STU  |b slo 
041 0 |a cze 
044 |a cs 
080 |a 22.016 
100 1 |a Ravik, Slavomír  |4 aut 
245 1 |a Bible dnes a pro nás. Starý zákon /  |c [aut.] Ravik,Slavomír 
250 |a 1.vyd. 
260 |a Praha :  |b Státní pedagogické nakladatelství,  |c 1991 
300 |a 205 s 
996 |b E75392  |c R*75392  |l RRUM  |s A  |a 24  |w stu807_0001